| 000 | 00626nam a2200217 i 4500 | ||
|---|---|---|---|
| 008 | |||
| 020 | _a0721657389 (hbk.) | ||
| 049 | _aMAIN | ||
| 090 | 0 |
_aREF R121 _bDOR |
|
| 245 | 0 | 0 | _aDorland's pocket medical dictionary. |
| 250 | _a25th ed. | ||
| 260 |
_aPhiladelphia : _bW. B. Saunders : _c1995. |
||
| 300 |
_axxiv, 904 p. [7] leaves of plates : _bill. ; _c18 cm. |
||
| 650 | 0 |
_aMedicine _vDictionaries. |
|
| 700 | 1 | _aDorland, W. A. Newman. | |
| 907 |
_a.b10270887 _b08-11-18 _c02-11-09 |
||
| 003 | |||
| 005 | 20230120204233.0 | ||
| 040 | _cNUST | ||
| 942 |
_cBOOKS _kREF R121 _mDOR |
||
| 999 |
_c119609 _d119609 |
||